000240280 001__ 240280
000240280 005__ 20210922173116.0
000240280 0247_ $$2BMBF$$aG:(BMBF)0232558$$d0232558
000240280 0247_ $$2Dimensions$$aG:(Dimensions)grant.7970612$$dgrant.7970612
000240280 035__ $$aG:(BMBF)0232558
000240280 150__ $$aAutonomer, Schneller Bustreiber zur Ankopplung Serieller Prozessdatenübertragungssysteme auf der Basis der PDV-Bus-Spezifikationen$$y1978-01-01 - 1980-12-31
000240280 5101_ $$0I:(DE-588b)5309538-8 $$aFederal Ministry of Education and Research$$bBMBF
000240280 909CO $$ooai:juser.fz-juelich.de:896135$$pauthority$$pauthority:GRANT
000240280 909CO $$ooai:juser.fz-juelich.de:896135
000240280 980__ $$aG
000240280 980__ $$aAUTHORITY